Condiciones generales y especiales para la licitación de las obras /
Condiciones generales y especiales para la licitación de las obras correspondientes a la construcción de un canal entre los ríos Matagalpa y Viejo, en el valle de Sebaco, Nicaragua. Señala cual es el objeto del concurso, el sistema de contratación, las disposiciones legales respectivas, plazo y ejec...
Đã lưu trong:
| Nhiều tác giả của công ty: | , |
|---|---|
| Định dạng: | Texto |
| Được phát hành: |
Managua:
Dirección de Planificación Nacional
|
| Những chủ đề: | |
| Các nhãn: |
Thêm thẻ
Không có thẻ, Là người đầu tiên thẻ bản ghi này!
|
MARC
| LEADER | 00000 a a2200000 04500 | ||
|---|---|---|---|
| 001 | 20185 | ||
| 003 | |||
| 040 | |||
| 090 | |a 083303 | ||
| 110 | |a Nicaragua. Consejo de Planificación Nacional. Dirección de Planificación Nacional | ||
| 245 | |a Condiciones generales y especiales para la licitación de las obras / |c Nicaragua. Consejo de Planificación Nacional. Dirección de Planificación Nacional | ||
| 260 | |a Managua: |b Dirección de Planificación Nacional | ||
| 300 | |a 103 p.; v. 3 | ||
| 520 | |a Condiciones generales y especiales para la licitación de las obras correspondientes a la construcción de un canal entre los ríos Matagalpa y Viejo, en el valle de Sebaco, Nicaragua. Señala cual es el objeto del concurso, el sistema de contratación, las disposiciones legales respectivas, plazo y ejecución de la obra, programa de construcción y otros detalles. El estudio corresponde a la primera etapa del proyecto de desarrollo agroindustrial del Valle de Sebaco./ACM | ||
| 650 | |a NICARAGUA | ||
| 650 | |a ESTUDIOS DE FACTIBILIDAD | ||
| 650 | |a PROYECTOS DE DESARROLLO | ||
| 650 | |a UTILIZACION DE AGUA | ||
| 650 | |a RECURSOS HIDRICOS | ||
| 650 | |a OBRAS PUBLICAS | ||
| 710 | |a Tahal Consulting Engineers Ltd. | ||
| 999 | |c 3627 |d 3627 | ||
